Đang tải...

Kalathinte nalukettu /

Chi tiết về thư mục
Tác giả chính: Sreeraman, V. K.
Ngôn ngữ:Undetermined
Được phát hành: Kottayam : DCB , 2008.
Những chủ đề:
LEADER 00564nam a2200181Ia 4500
001 157435
008 170722s9999 xx 000 0 und d
020 |a 9788126418190 
100 |a Sreeraman, V. K. 
245 |a Kalathinte nalukettu / 
260 |a Kottayam :  |b DCB ,  |c 2008. 
300 |a 104 p. 
653 |a Biography 
653 |a Malayalam Literature 
923 |d 20080901  |n 000116 
942 |c GEN 
999 |c 137346  |d 137346 
952 |0 0  |1 0  |4 0  |6 O_32WN34_P82KR  |7 0  |8 KR  |9 193961  |a LIB  |b LIB  |d 2013-03-25  |e D C Books  |h KR  |o O32wN34 P82(KR)  |p 268081  |r 2017-08-12  |v 55.00  |w 2017-08-12  |y GEN